LEADER 01223nam a2200277 a 4500 001 000000154564 003 CaOOAMICUS 005 20161003144132.0 008 161003s2008 it c 000 u ita r 032 $aLibriCat 040 $aPUL$bita 100 1 $aGabetti, Giuseppe.$0(OLS)http://pul/name/98396 245 13$aLa voce Romanticismo nella Enciclopedia Italiana /$cGiuseppe Gabetti. 246 04$aRomanticismo 260 $aDogliani :$bAssociazione Amici del Museo Giuseppe Gabetti,$c©2008. 300 $a84 p. ; $britr. ;$c24 cm. 500 $aSulla coperta: Romanticismo. 500 $aNel 25° anniversario della fondazione del Civico Museo Storico archeologica "Giuseppe Gabetti" Dogliani. 650 4$aRomanticismo.$0(OLS)http://pul/subject/3381 850 $aPUL 852 $aPUL$W1$xDP1 Fondo G. Barberini$y122$m8 A 6$j31383$qFondi$B180611$CPULBib$Z2$F180611 $HBar1002 $81 941 1 $a1 996 $6245$aLa voce Romanticismo nella Enciclopedia Italiana$9(OLS)http://pul/title/194172 996 $6246$aRomanticismo$9(OLS)http://pul/title/194174 996 $6260$aDogliani :$bAssociazione Amici del Museo Giuseppe Gabetti$9(OLS)http://pul/publisher/85444 LEADER 01088nam a2200265 u 4500 001 000000114601 003 CaOOAMICUS 005 20090216153744.0 008 090216s2008 it u000 u ita r 020 $z978-88-7229-429-1* 040 $aPUL$bita$dLDB 100 1 $aViganò, Dario Edoardo,$csacerdote,$d1962-$0(OLS)http://pul/name/38000 245 13$aLa Chiesa nel tempo dei media /$cDario Edoardo Viganò. 260 $aRoma :$bOCD,$cc2008. 300 $a355 p. ;$c19 cm 490 1 $aAppunti di teologia ;$v17 504 $aBibliografia in nota. 610 24$aChiesa cattolica e comunicazione.$0(OLS)http://pul/subject/22457 830 0$aAppunti di teologia ;$v17.$0(OLS)http://pul/title/103509 850 $aPUL 852 $aPUL$W1$xSL Religione 3$y85$m261. 52 VIGDA 2$j131032$qDDC 21$q $B130035$CPULBib$Z2$F130035 $H109587 $81 941 1 $a9 996 $6020$z978-88-7229-429-1*$9(OLS)http://pul/number/139703 996 $6245$aLa Chiesa nel tempo dei media$9(OLS)http://pul/title/144013 996 $6260$aRoma :$bOCD$9(OLS)http://pul/publisher/75548